| 000 | 00659nam a2200241 a 4500 | ||
|---|---|---|---|
| 005 | 20210219152900.0 | ||
| 008 | 991125n 000 0 u | ||
| 035 | _aUPN01000065063 | ||
| 100 | _aSimmons, Warren | ||
| 222 | _aEDUCATIONAL LEADERSHIP | ||
| 245 | _aAssessment as the catalyst of school reform | ||
| 300 | _a11-15 | ||
| 362 | _a50, No. 5, 1992 | ||
| 505 | _aJunio 1993 | ||
| 653 | 0 | _aCONSORCIO | |
| 653 | 0 | _aCONSTRUCCION DE PRUEBAS | |
| 653 | 0 | _aEVALUACION DEL ESTUDIANTE | |
| 653 | 0 | _aNORMAS ACADEMICAS | |
| 653 | 0 | _aPORTFOLIOS (BACKGROUND MATERIALS) | |
| 700 | _aResnick, Lauren B. | ||
| 904 |
_aAC _b002874 |
||
| 905 | _aArticulo | ||
| 999 |
_c62909 _d62909 |
||